| 000 | 00697nam a2200205Ia 4500 | ||
|---|---|---|---|
| 001 | b3732-26180 [5199] | ||
| 003 | IT-MiCISF | ||
| 008 | 161014s9999||||xx |||||||||||||| ||und|| | ||
| 040 |
_aIT-MiCISF _cIT-MiCISF |
||
| 041 | _ait | ||
| 100 | _aCampanini Giorgio | ||
| 245 | 0 |
_aIl sacramento antico _bMatrimonio e famiglia come luogo teologico |
|
| 250 | _a1a ed. | ||
| 260 |
_aBologna _bDehoniane _c1995 |
||
| 300 | _app. 167 | ||
| 500 | _a / matrimonio-sacramento, famiglia, teologia, etica, magistero, ministero-coniugale, indissolubilità, fedeltà, antropologia, morale-sessuale, accoglienza-della-vita, liturgia / | ||
| 650 | _amatrimonio | ||
| 942 | _cBK | ||
| 957 | _71 | ||
| 999 |
_a26180 _bsi _g1 _c213608 _d213608 |
||